| 000 | 00449nam a2200169Ia 4500 | ||
|---|---|---|---|
| 003 | GCL | ||
| 008 | 140319s9999 xx 000 0 eng d | ||
| 040 |
_aGCL / _cGCL |
||
| 082 | 0 | 4 |
_a338.4791 _bW M |
| 245 | 1 | 0 | _aMARKETING TOURISM DESTINATIONS ONLINE |
| 260 |
_aانجلترا : _bWORLD TOURISM ORGANIZATION ، _c1999 |
||
| 300 |
_a32 CM ؛ _c165 P |
||
| 650 | 0 | 4 | _aMARKETING |
| 650 | 0 | 4 | _aTOURISM |
| 650 | 0 | 4 | _aELECTRONIC COMMERCE |
| 942 |
_2ddc _cBK |
||
| 999 |
_c5745 _d5745 |
||